| 000 | 00458nam a2200169Ia 4500 | ||
|---|---|---|---|
| 001 | 10309 | ||
| 008 | 140328s9999 xx 000 0 und d | ||
| 040 | _cPK-LaUMT | ||
| 082 |
_a 657.3 _bBUD-F |
||
| 100 | _aBudd, Thomas A. | ||
| 245 |
_aFinancial statements _cBudd, Thomas A.<>Comparative accounting |
||
| 260 |
_aNew York,USA: _bAlexander Hamilton Institute, _c1960 |
||
| 300 | _a395 p. | ||
| 546 | _aEN | ||
| 650 | _aComparative accounting | ||
| 942 | _cBK | ||
| 999 |
_c11323 _d11323 |
||